Malapetaka

Bibliographic Details
Main Author: Azilah Razali
Format: Book
Published: Kuala Lumpur : Sabunai Media , 2006
Series:Siri cerpen puspasari
Subjects:

MARC

LEADER 00000cam a2200000 7i4500
001 0000000923
005 20160330.0
008 070703
020 |a 9832612845 
090 0 0 |a AZI   |b MAL 
100 0 |a Azilah Razali 
245 1 0 |a Malapetaka   |c Azilah Razali 
260 |a Kuala Lumpur :   |b Sabunai Media ,   |c 2006 
440 |a Siri cerpen puspasari 
500 |a Teenager ages 13-18 years old (blue) 
650 0 |a Malay fiction 
999 |a 0000956173   |b Book   |c Teenagers   |e Cawangan Taman Universiti 
999 |a 0000956174   |b Book   |c Teenagers   |e Cawangan Kota Tinggi 
999 |a 0000956175   |b Book   |c Teenagers   |e Cawangan Sri Merlong 
999 |a 0000956176   |b Book   |c Teenagers   |e Cawangan Batu Pahat 
999 |a 0000956177   |b Book   |c Teenagers   |e Cawangan Segamat 
999 |a 0001128905   |b Book   |c Teenagers   |e Cawangan Taman Sri Lambak 
999 |a 0001128906   |b Book   |c Teenagers   |e Cawangan Bandar Penawar